Rasgos de la espiritualidad de madre Sacramento (Record no. 124236)

MARC details
000 -LEADER
campo de control de longitud fija 00526nam a2200169 4500
001 - NÚMERO DE CONTROL
campo de control 124236
003 - IDENTIFICADOR DE NÚMERO DE CONTROL
campo de control ES-MaACL
005 - FECHA Y HORA DE LA ÚLTIMA TRANSACCIÓN
campo de control 20251015145002.0
007 - CAMPO FIJO DE DESCRIPCIÓN FÍSICA--INFORMACIÓN GENERAL
campo de control de longitud fija t|
008 - DATOS DE LONGITUD FIJA--INFORMACIÓN GENERAL
campo de control de longitud fija 070214s1966 sp r ||||1| spa d
245 00 - MENCIÓN DEL TÍTULO
Título Rasgos de la espiritualidad de madre Sacramento
Resto del título : (estudios en colaboración).
260 ## - PUBLICACIÓN, DISTRIBUCIÓN, ETC.
Lugar de publicación, distribución, etc. Madrid :
Nombre del editor, distribuidor, etc. Espiritualidad,
Fecha de publicación, distribución, etc. 1966.
300 ## - DESCRIPCIÓN FÍSICA
Extensión 434 p., 2 lám. ;
Dimensiones 25 cm.
600 07 - PUNTO DE ACCESO ADICIONAL DE MATERIA--NOMBRE DE PERSONA
Nombre de persona María Micaela del Santísimo Sacramento,
Títulos y otros términos asociados al nombre Santa
Fuente del encabezamiento o término
9 (RLIN) 140518
852 ## - LOCALIZACIÓN
Ubicación ES-MaACL
Número de control de estantería G-5129
Holdings
Estatus retirado Estado de pérdida Estado de daño No para préstamo Biblioteca de origen Biblioteca actual Ubicación en estantería Fecha de adquisición Fuente de adquisición Total de préstamos Signatura topográfica completa Código de barras Visto por última vez Precio de reemplazo Tipo de ítem Koha
        Biblioteca del Ateneo de Madrid Biblioteca del Ateneo de Madrid Depósito 2 17/01/2008     G-5129 1129428 23/02/2023 23/02/2023 Libro impreso